| 000 | 00800cam a22002531 4500 | ||
|---|---|---|---|
| 001 | sa 68000706 | ||
| 003 | DLC | ||
| 005 | 20260227112426.0 | ||
| 008 | 710901s1967 ii b 00010 eng | ||
| 010 | _asa 68000706 //r87 | ||
| 025 | _aPL480:I-E-8680 | ||
| 043 | _aa-ii--- | ||
| 050 | 0 |
_aHF331.I4 _bN3 1967 |
|
| 082 | _a382/.062/54 | ||
| 100 | 1 | 0 | _aNamjoshi, M. V. |
| 245 | 1 | 0 |
_aChambers of commerce in India _c[by] M. V. Namjoshi [and] B. R. Sabade. |
| 260 | 0 |
_aPoona, _bGokhale Institute of Politics and Economics; _aBombay, _aNew York, _bAsia Pub. House _c[1967] |
|
| 300 |
_axi, 143 p. _c25 cm. |
||
| 350 | _aRs15. | ||
| 440 | 0 |
_aGokhale Institute studies ; _vno. 50 |
|
| 504 | _aBibliographical footnotes. | ||
| 650 | 0 |
_aBoards of trade _zIndia. |
|
| 700 | 1 | 0 |
_aSabade, B. R., _ejoint author. |
| 999 |
_c77401 _d77401 |
||